Psychology of learning and techniques of teaching / (Record no. 128020)

MARC details
000 -LEADER
fixed length control field 00689nam a22002297a 4500
005 - DATE AND TIME OF LATEST TRANSACTION
control field 20170124110033.0
010 ## - LIBRARY OF CONGRESS CONTROL NUMBER
LC control number 273553
020 ## - INTERNATIONAL STANDARD BOOK NUMBER
Terms of availability 00.00
035 ## - SYSTEM CONTROL NUMBER
System control number 273553
037 ## - SOURCE OF ACQUISITION
Source of stock number/acquisition Cen Lib/Ret
040 ## - CATALOGING SOURCE
Original cataloging agency DPL
Language of cataloging EN
082 ## - DEWEY DECIMAL CLASSIFICATION NUMBER
Classification number 370.15
Item number THY
100 ## - MAIN ENTRY--PERSONAL NAME
Personal name Thyne, James M.
9 (RLIN) 22183
245 ## - TITLE STATEMENT
Title Psychology of learning and techniques of teaching /
Statement of responsibility, etc by James M. Thyne
260 ## - PUBLICATION, DISTRIBUTION, ETC. (IMPRINT)
Place of publication, distribution, etc London
Name of publisher, distributor, etc University of London Press
Date of publication, distribution, etc 1963v
270 ## - ADDRESS
City London
Address warwick square
300 ## - PHYSICAL DESCRIPTION
Extent 240p.
Dimensions 21cm(Hb)
500 ## - GENERAL NOTE
General note Includes bibliographical references index
650 ## - SUBJECT ADDED ENTRY--TOPICAL TERM
Topical term or geographic name as entry element Education
9 (RLIN) 1169
650 ## - SUBJECT ADDED ENTRY--TOPICAL TERM
Topical term or geographic name as entry element Teaching and learning
9 (RLIN) 22184
942 ## - ADDED ENTRY ELEMENTS (KOHA)
Source of classification or shelving scheme Dewey Decimal Classification
Koha item type English Books
Classification part 370.15
Call number suffix THY
Holdings
Withdrawn status Lost status Damaged status Not for loan Home library Current library Date acquired Source of acquisition Cost, normal purchase price Total Checkouts Full call number Barcode Date last seen Copy number Cost, replacement price Price effective from Koha item type
        Central Library Central Library 01/07/2015 Cen Lib/Ret 0.00   370.15 THY 273553 01/07/2015 1 0.00 01/07/2015 English Books

© Delhi Public Library
Hit Counter
free hit counter